000 00302nam a2200121Ia 4500
008 220217s9999||||xx |||||||||||||| ||und||
082 _a005.13 DON
100 _aDon, Gossedin
_92863
245 0 _aJava
260 _aCource tech
_bCambridge
_c2000
300 _b375
650 _aPROGRAMMING LANGUAGE
999 _c170144
_d170144